De Jure Law Journal, Vol 54, 2021 : (Record no. 7456)

MARC details
000 -LEADER
fixed length control field 01657cas a2200445 4500
001 - CONTROL NUMBER
control field ocm02639456
003 - CONTROL NUMBER IDENTIFIER
control field TZ-ArACH
005 - DATE AND TIME OF LATEST TRANSACTION
control field 20250211130345.0
008 - FIXED-LENGTH DATA ELEMENTS--GENERAL INFORMATION
fixed length control field 761222c19739999sa x p gov 0 a0afr
010 ## - LIBRARY OF CONGRESS CONTROL NUMBER
LC control number 74641250
022 0# - INTERNATIONAL STANDARD SERIAL NUMBER
International Standard Serial Number 1466-3597
Source 2
035 ## - SYSTEM CONTROL NUMBER
System control number (OCoLC)2639456
040 ## - CATALOGING SOURCE
Original cataloging agency DLC
Language of cataloging eng
Transcribing agency TZ-ArACH
041 0# - LANGUAGE CODE
Language code of text/sound track or separate title afr
-- eng
042 ## - AUTHENTICATION CODE
Authentication code pcc
043 ## - GEOGRAPHIC AREA CODE
Geographic area code f-sa---
049 ## - LOCAL HOLDINGS (OCLC)
Holding library TZAA
050 00 - LIBRARY OF CONGRESS CALL NUMBER
Classification number K23
Item number .C57 2021
130 0# - MAIN ENTRY--UNIFORM TITLE
Uniform title De jure (Pretoria, South Africa)
222 #0 - KEY TITLE
Key title De jure (Pretoria. Print)
245 10 - TITLE STATEMENT
Title De Jure Law Journal, Vol 54, 2021 :
Remainder of title Special focus on Implementing regional human rights standards in East and West Africa
Statement of responsibility, etc Pretoria University Law Press.
260 ## - PUBLICATION, DISTRIBUTION, ETC. (IMPRINT)
Place of publication, distribution, etc Pretoria:
Name of publisher, distributor, etc Pretoria University Law Press;
Date of publication, distribution, etc 2021.
300 ## - PHYSICAL DESCRIPTION
Extent Vol 54, 2021 (Pages 401-552).
Dimensions 22-25 cm
310 ## - CURRENT PUBLICATION FREQUENCY
Current publication frequency Irregular
362 0# - DATES OF PUBLICATION AND/OR SEQUENTIAL DESIGNATION
Dates of publication and/or sequential designation v. 6- 1973-
500 ## - GENERAL NOTE
General note Published: Pretoria, Fakulteit Regsgeleerdheid, Univ. van Pretoria, 1973- ; Durban, Butterworths, <1991->; LexisNexis Butterworths, <2003->; Pretoria University Law Press, <2017->
546 ## - LANGUAGE NOTE
Language note Afrikaans and English.
650 #0 - SUBJECT ADDED ENTRY--TOPICAL TERM
Topical term or geographic name as entry element Law
Geographic subdivision South Africa
Form subdivision Periodicals.
650 #0 - SUBJECT ADDED ENTRY--TOPICAL TERM
Topical term or geographic name as entry element Law reviews
Geographic subdivision South Africa.
650 #7 - SUBJECT ADDED ENTRY--TOPICAL TERM
Topical term or geographic name as entry element Law.
Source of heading or term fast
650 #7 - SUBJECT ADDED ENTRY--TOPICAL TERM
Topical term or geographic name as entry element Law reviews.
Source of heading or term fast
651 #7 - SUBJECT ADDED ENTRY--GEOGRAPHIC NAME
Geographic name South Africa.
Source of heading or term fast
655 #7 - INDEX TERM--GENRE/FORM
Genre/form data or focus term Periodicals.
Source of term fast
710 2# - ADDED ENTRY--CORPORATE NAME
Corporate name or jurisdiction name as entry element University of Pretoria.
Subordinate unit Faculty of Law.
776 08 - ADDITIONAL PHYSICAL FORM ENTRY
Display text Online version:
Title De jure (Pretoria, South Africa)
International Standard Serial Number 2225-7160
Record control number (DLC) 2020256901
-- (OCoLC)780386634
780 00 - PRECEDING ENTRY
Title Scintilla iuris
Record control number (DLC) 73644904
-- (OCoLC)2853444
936 ## - OCLC/CONSER MISCELLANEOUS DATA (OCLC); PIECE USED FOR CATALOGING (pre-AACR2) (RLIN)
OCLC control number(s) of parallel record(s) (OCLC); Piece used for cataloging, PUC (RLIN) 1973;
-- jaarg. 40, v. 1 (2007)
942 ## - ADDED ENTRY ELEMENTS (KOHA)
Source of classification or shelving scheme Library of Congress Classification
Koha item type Books
Holdings
Home library Current library Date acquired Full call number Barcode Koha item type Public note
African Court on Human and Peoples' Rights Library African Court on Human and Peoples' Rights Library 11/02/2025 K23 .C57 2021 10038043 Books Donation from Ms Ndo Pabozi, Legal Officer, African Court, Nov 2024

African Court on Human and Peoples' Rights | For Inquiries Contact » +255 272 510 510